书目信息 |
| 题名: |
史学论文集
|
|
| 作者: | ;学术研究编辑部 编 | |
| 分册: | ||
| 出版信息: | 广州 广东人民出版社 1980 |
|
| 页数: | 358页 | |
| 开本: | 19cm | |
| 丛书名: | ||
| 单 册: | ||
| 中图分类: | K107 | |
| 科图分类: | ||
| 主题词: | 史学--文集 , 世界史:通史 | |
| 电子资源: | ||
| ISBN: | ||
| 000 | 00643nam0 2200241 45 | |
| 001 | 0180000987 | |
| 005 | 20070729110557.08 | |
| 010 | @dCNY0.89 | |
| 091 | @aCN@b11111.51 | |
| 100 | @a19950615d1980 kemy0chiy0121 ea | |
| 101 | 0 | @achi |
| 102 | @aCN@b440000 | |
| 105 | @ay z 000yy | |
| 200 | 10 | @a史学论文集@Ashi xue lun wen ji@f学术研究编辑部编 |
| 210 | @a广州@c广东人民出版社@d1980 | |
| 215 | @a358页@d19cm | |
| 606 | @a史学@x文集 | |
| 606 | 0 | @a世界史:通史 |
| 690 | @aK107@v3 | |
| 711 | 02 | @a学术研究编辑部@Axue shu yan jiu bian ji bu@4编 |
| 801 | 0 | @aCN@bTSSF@c20070729 |
| 801 | 2 | @aCN@bNLC@c20060728 |
| 905 | @a10447@dK107@e124 | |
| 史学论文集/学术研究编辑部编.-广州:广东人民出版社,1980 |
| 358页;19cm |
| ISBN :CNY0.89 |
| ● |
| 相关链接 |
|
|
|
|
正题名:史学论文集
索取号:K107/124
 
预约/预借
| 序号 | 登录号 | 条形码 | 馆藏地/架位号 | 状态 | 备注 |
| 1 | 0436941 | 204369414 | 密集书库/ [索取号:K107/124] | 在馆 | |
| 2 | 0785867 | 207858674 | 密集书库/ [索取号:K107/124] | 在馆 |